书目信息 |
| 题名: |
世界动物大观
|
|
| 作者: | 赵野木 编绘 | |
| 分册: | ||
| 出版信息: | 北京 朝花美术出版社 1991.10 |
|
| 页数: | 95页 | |
| 开本: | 17×18cm | |
| 丛书名: | 科学艺术画库 | |
| 单 册: | ||
| 中图分类: | Q95-64 , Q95 | |
| 科图分类: | 59.1074 | |
| 主题词: | 动物--图集 | |
| 电子资源: | ||
| ISBN: | 7-5056-0149-0 | |
| 000 | 00716cam2 2200265 45 | |
| 001 | 0193028183 | |
| 005 | 20070907160858.14 | |
| 010 | @a7-5056-0149-0@dCNY14.00 | |
| 100 | @a19930709d1991 em y0chiy0121 ea | |
| 101 | 0 | @achi |
| 102 | @aCN@b110000 | |
| 105 | @aa z 000yy | |
| 200 | 1 | @a世界动物大观@AShi Jie Dong Wu Da Guan@f赵野木编绘@FZhao Ye Mu Bian Hui |
| 210 | @a北京@c朝花美术出版社@d1991.10 | |
| 215 | @a95页@d17×18cm | |
| 225 | 2 | @a科学艺术画库 |
| 410 | 0 | @120010@a科学艺术画库 |
| 606 | @a动物@x图集 | |
| 690 | @aQ95-64@v三版 | |
| 690 | @aQ95@v4 | |
| 692 | @a59.1074 | |
| 701 | 0 | @a赵野木@AZhao Ye Mu@4编绘 |
| 801 | 0 | @aCN@bNLC@c20070907 |
| 905 | @aBZT@dQ95@e39 | |
| 906 | @dCNY14.00@n0@r1 | |
| 世界动物大观/赵野木编绘.-北京:朝花美术出版社,1991.10 |
| 95页;17×18cm.-(科学艺术画库) |
| ISBN 7-5056-0149-0:CNY14.00 |
| ● |
| 相关链接 |
|
|
|
正题名:世界动物大观
索取号:Q95/39
 
预约/预借
| 序号 | 登录号 | 条形码 | 馆藏地/架位号 | 状态 | 备注 |
| 1 | 573894 | 230154887 | 中心书库中库/ 中库043架A面1列3层17/ [索取号:Q95/39] | 在馆 | |
| 2 | 573895 | 230154886 | 中心书库中库/ 中库043架A面1列3层18/ [索取号:Q95/39] | 在馆 | |
| 3 | 573896 | 230154885 | 中心书库中库/ 中库043架A面1列3层19/ [索取号:Q95/39] | 在馆 | |
| 4 | 573897 | 230154884 | 中心书库中库/ 中库043架A面1列3层11/ [索取号:Q95/39] | 在馆 | |
| 5 | 573898 | 230154883 | 中心书库中库/ 中库043架A面1列3层12/ [索取号:Q95/39] | 在馆 | |
| 6 | 573899 | 230154882 | 中心书库中库/ 中库043架A面1列3层14/ [索取号:Q95/39] | 在馆 | |
| 7 | 573900 | 230154881 | 中心书库中库/ 中库043架A面1列3层16/ [索取号:Q95/39] | 在馆 | |
| 8 | 573901 | 230154880 | 中心书库中库/ 中库043架A面1列3层15/ [索取号:Q95/39] | 在馆 | |
| 9 | 573902 | 230154879 | 中心书库中库/ 中库043架A面1列3层13/ [索取号:Q95/39] | 在馆 | |
| 10 | 573903 | 230154878 | 中心书库中库/ 中库043架A面1列3层20/ [索取号:Q95/39] | 在馆 |